000 00374nam a2200157Ia 4500
008 241014s9999||||xx |||||||||||||| ||und||
020 _a9780814479285
060 _aHF 563 R 1996
100 _aRachlin, Robert & Allen
245 0 _aAccounting & Financial
250 _a1996
260 _aNew York
_bAmacon
300 _a441
650 _aAccounting
942 _bIBHM
_cBK
999 _c16263
_d16263